000 00437nam a2200181Ia 4500
001 20233
005 20260306172751.0
008 260306t2004||||xx |||||||||||||| ||spa||
041 _aESP
082 _a343
_bV23
100 _aValle Riestra, Javier
_eAUT
245 0 _aTécnica del golpe de estado democrático
260 _c2004
300 _a59 páginas :
_c19 cm.
650 _aGEN
654 _aCDE
942 _cLIB
_dJUS
_fJUS
_2ddc
_n
999 _c20233
_d20233